Max Ernst: peintre, sculpteur, poete

Saved in:
Bibliografiske detaljer
Format: Bog
Sprog:fransk
Udgivet: París ADAGP 2011
Fag:
Tags: Tilføj Tag
Ingen Tags, Vær først til at tagge denne postø!

MARC

LEADER 00000cam a2200000 a 4500
001 UCE3545
003 CL-VaPUC
008 140911e20110000fr |||||||||||||||||fre|d
082 0 4 |a 759.43  |b MAX  |2 21 
245 1 0 |a Max Ernst: peintre, sculpteur, poete 
300 |a pág. irreg 
942 |c BK 
945 |d 20140911 14:25:00  |a cmena 
260 |a París  |b ADAGP  |c 2011 
500 |a Complementario con DVD 
600 0 7 |a ERNST, MAX  |2 CL-VaPUC  |9 322949 
650 0 |a Artistas franceses  |9 559308 
650 0 |a Pintores franceses   |9 340354 
650 0 |a Cronología   |9 268356 
583 |a last modification  |c 20170518 01:14:50  |k Rodrigo Vera 
999 |c 356793  |d 356791 
952 |0 0  |1 0  |3 erb  |4 0  |6 759_430000000000000_MAX_2011  |7 0  |8 X  |9 464512  |a FDOSRS  |b BIBART  |i 4647319  |l 2  |o 759.43 MAX 2011  |p 4647319  |r 2025-03-13  |s 2023-07-28  |w 2019-11-23  |y BK_X  |z Catalogado en:20140911  |k SRS